| 000 | 00546nam a2200205 a 4500 | ||
|---|---|---|---|
| 005 | 20240925064631.0 | ||
| 008 | 151020s1990 mx r 000 0 spa d | ||
| 020 | _a9682436605 | ||
| 035 | _aUPN01000206156 | ||
| 049 | _aCG | ||
| 050 | 4 |
_aBF698 _bC8.8 1990 |
|
| 245 | 0 | 0 |
_aTeorías de la personalidad / _cJosé Cueli ... [et al.]. |
| 250 | _a3a ed. | ||
| 260 |
_aMéxico : _bTrillas, _c1990. |
||
| 300 | _a654 p. | ||
| 650 | 4 |
_aPersonalidad _97690 |
|
| 700 | 1 |
_aCueli, José, _d1934- _ecoaut. _931422 |
|
| 905 | _aLibro | ||
| 999 |
_c178257 _d178257 |
||